000 00444nam a2200157 i 4500
001 67778
003 ES-MaACL
005 20230906170140.0
007 t|
008 040205s1978 sp ||||1| spa d
100 1 _aGálvez Fenoll, Antonio.
_953718
245 1 3 _aEl universo de las plantas medicinales /
_cAntonio Gálvez Fenoll.
260 _a[Madrid] :
_bForma,
_c[1978]
300 _a142 p. ;
_c21 cm.
852 _aES-MaACL
_jA-9098
_bR.97844
999 _c67778
_d67778